The search for beauty in Islam : a conference of the books (Record no. 3017)

MARC details
000 -LEADER
fixed length control field 01074nac a22002651u 4500
010 ## - LIBRARY OF CONGRESS CONTROL NUMBER
LC control number 2005018902
020 ## - INTERNATIONAL STANDARD BOOK NUMBER
International Standard Book Number 0742550931 (cloth : alk. paper)
020 ## - INTERNATIONAL STANDARD BOOK NUMBER
International Standard Book Number 074255094X (pbk. : alk. paper)
035 ## - SYSTEM CONTROL NUMBER
System control number (OCoLC)ocm60835380
082 00 - DEWEY DECIMAL CLASSIFICATION NUMBER
Classification number 210
Item number A155
090 ## - LOCALLY ASSIGNED LC-TYPE CALL NUMBER (OCLC); LOCAL CALL NUMBER (OCLC)
-- 3017
-- 3017
100 ## - MAIN ENTRY--PERSONAL NAME
Personal name Abou El Fadl, Khaled,
245 14 - TITLE STATEMENT
Title The search for beauty in Islam : a conference of the books
Remainder of title a conference of the books /
Statement of responsibility, etc Khaled Abou El Fadl.
260 ## - PUBLICATION, DISTRIBUTION, ETC. (IMPRINT)
Place of publication, distribution, etc Lanham, Md. :
Name of publisher, distributor, etc Rowman & Littlefield, 2006
Date of publication, distribution, etc c2006.
300 ## - PHYSICAL DESCRIPTION
Extent xx, 407 p. ;
Dimensions 26 cm.
500 ## - GENERAL NOTE
General note Originally published: Conference of the books. Lanham : University Press of America, 2001.
500 ## - GENERAL NOTE
General note Includes index.
650 #0 - SUBJECT ADDED ENTRY--TOPICAL TERM
Topical term or geographic name as entry element Islam
General subdivision Appreciation.
650 #0 - SUBJECT ADDED ENTRY--TOPICAL TERM
Topical term or geographic name as entry element Islam
General subdivision Essence, genius, nature.
650 #0 - SUBJECT ADDED ENTRY--TOPICAL TERM
Topical term or geographic name as entry element Sufism.
700 1# - ADDED ENTRY--PERSONAL NAME
Personal name Abou El Fadl, Khaled,
Dates associated with a name 1963-
856 41 - ELECTRONIC LOCATION AND ACCESS
Materials specified Table of contents
Uniform Resource Identifier <a href="http://www.loc.gov/catdir/toc/ecip0515/2005018902.html">http://www.loc.gov/catdir/toc/ecip0515/2005018902.html</a>
942 ## - ADDED ENTRY ELEMENTS (KOHA)
Item type Book - Borrowing
Call number prefix 210A155
Holdings
Withdrawn status Item status Damaged status Not for loan Home library Current library Shelving location Date acquired Source of acquisition Total Checkouts Total Renewals Full call number Barcode Date last seen Date last borrowed Koha item type
        Central Library Central Library Lower Floor 07/03/2015 Purchase 8 32 210 ABO 000001066 15/07/2025 16/04/2022 Book - Borrowing